山东省县级市 - Statistics

General Stats
  • This quiz has been taken 29 times
  • The average score is 21 of 26
Answers on the Map
Answers color-coded by a green-red scale on the quiz's map according to % correct below.
 
Answer Stats
Answer % Correct
滕州市
96%
寿光市
96%
曲阜市
96%
荣成市
96%
乳山市
96%
胶州市
92%
莱阳市
92%
莱州市
92%
平度市
88%
龙口市
88%
招远市
88%
高密市
88%
莱西市
83%
邹城市
83%
栖霞市
79%
青州市
79%
诸城市
79%
海阳市
75%
昌邑市
75%
邹平市
75%
新泰市
71%
肥城市
67%
禹城市
67%
临清市
54%
安丘市
50%
乐陵市
46%
No matching quizzes found
Score Distribution
Percent of People with Each Score
Percentile by Number Answered
Your Score History
You have not taken this quiz